[Event "Olympiad-34"]
[Site "Istanbul"]
[Date "2000.11.10"]
[Round "13.3"]
[White "Pavasovic, Dusko"]
[Black "Timoscenko, Gennadij A"]
[Result "1-0"]
[WhiteElo "2523"]
[BlackElo "2529"]
[Annotator "Postny,E"]
[PlyCount "131"]
[EventDate "2000.10.28"]
[EventType "team-swiss"]
[EventRounds "14"]
[EventCountry "TUR"]
[SourceTitle "EXT 2001"]
[Source "ChessBase"]
[SourceDate "2000.11.22"]
[SourceVersion "1"]
[SourceVersionDate "2000.11.22"]
[SourceQuality "1"]
[WhiteTeam "Slovenia"]
[BlackTeam "Slovakia"]
[WhiteTeamCountry "SLO"]
[BlackTeamCountry "SVK"]

{[%mdl 4096]} 1. e4 e5 2. Nf3 Nc6 3. d4 exd4 4. Nxd4 Bc5 5. Nxc6 Qf6 6. Qd2
bxc6 {Rare move and perhaps not the strongest one.Most leading players prefer
taking by "d" pawn.Here two examples:} (6... dxc6 {In compensation for the
worse structure black has good piece developement.} 7. Nc3 Ne7 (7... Be6 8. Na4
Rd8 9. Bd3 Bd4 10. O-O Ne7 11. c3 b5 12. cxd4 Qxd4 $13 {1/2-1/2 Kasparov,
G-Short,N/London 1993/CBM 36 (50)}) 8. Qf4 Qd6 9. Be2 Ng6 10. Qg3 f5 {1/2-1/2
Kasparov,G-Anand,V/Frankfurt 1999/CBM 72 (28)}) 7. Nc3 d6 (7... Ne7 8. Bd3 O-O
9. O-O d6 10. e5 $1 $14 {1/2-1/2 Galyas,M-Semenova,I/Budapest 1999/EXT 2000 
(53)}) (7... Bb4 8. Qe3 Bxc3+ 9. bxc3 Ne7 10. Qd4 Qg6 11. h4 c5 12. h5 cxd4 13.
hxg6 Nxg6 14. cxd4 O-O 15. Bd3 d6 16. Bd2 Re8 17. O-O c5 18. Rab1 Bd7 19. c3
$16 {[%csl Ra7,Gd2,Gd3,Rd6] 1-0 Hracek,Z-Mokry,K/Germany 1995/GER-chT (38)}) 8.
Bd3 Ne7 9. O-O Bb6 $146 ({Few rounds ago Timoscenko played} 9... Qh4 {and
equalized the position after} 10. Na4 Bb6 11. Qg5 (11. Kh1) 11... Qxg5 12. Bxg5
f6 13. Bd2 Kf7 14. Nxb6 axb6 15. a4 Ba6 16. a5 Bxd3 17. cxd3 bxa5 18. Rxa5 Rhb8
{1/2-1/2 Sadvakasov,D-Timoscenko,G/Istanbul 2000/EXT 2001 (45)}) 10. Kh1 $1 {
[%cal Gf2f4] This is more aggressive plan; white creating strong pawncenter
and black queen becoming feel uncomfortable.} Qh4 11. f4 {White is intending
to play f4-f5 taking more space and limiting black pieces.} f5 12. e5 dxe5 (
12... d5 $6 {can not be recommended} 13. Na4 $16 {[%csl Yc5][%cal Gc2c4]}) ({
no good as well} 12... O-O $6 13. Bc4+ Kh8 (13... d5 14. Nxd5 cxd5 15. Bxd5+
Nxd5 16. Qxd5+ $18 {[%cal Rd5g8,Rd5a8]}) 14. exd6 cxd6 15. Qxd6 Rd8 16. Qe5 $16
) 13. fxe5 Be6 14. Qe2 $16 {[%csl Rh4][%cal Gf1f4]} Qg4 (14... g5 $6 {[%csl
Yc5,Re8,Yf6] creating too much weaknesses.}) 15. Qxg4 fxg4 16. Ne4 {[%cal
Ge4g5]} h6 17. Bd2 O-O-O 18. a4 Kb8 (18... Rd5 19. Bc3 {[%cal Gd3c4]} Nf5 {
[%csl Ye3]} 20. Rae1 a5 21. Rf4 $16) 19. Bb4 $6 {Inaccurate move.} ({Much
better is} 19. Rae1 Rhe8 20. a5 Bd4 21. Bc3 $16) 19... Rhe8 20. Nc5 $6 ({Again
} 20. Rae1 {was preferable}) 20... Nd5 21. Ba3 Ne3 22. Rfe1 Rxd3 $1 {Small
combination in order to simplify the position.} 23. cxd3 Bxc5 24. Bxc5 Nc2 25.
Rac1 Nxe1 26. Rxe1 Rd8 27. d4 Rd7 {[%cal Gd7f7]} 28. Rf1 Rf7 29. Kg1 Rxf1+ 30.
Kxf1 {Thanks to white's inaccurate play black managed to reach endgame with
opposite colour bishops, which is wellknown of their draw tendencies.} a6 (
30... h5 31. Kf2 h4 32. Ke3 h3 33. g3 g5 34. Be7 Kc8 35. Bxg5 Kd7 36. Ke4 Bb3
37. Kf5 Be6+ 38. Kf6 Bb3 39. Bd2 (39. a5 a6 $11) 39... a6 $11 {The same
position will arise in the game later.}) (30... g3 $3 {The most effective way
to reach a draw.} 31. hxg3 (31. h3 Bc4+ 32. Ke1 Bd5 33. Kf1 Bc4+ 34. Kg1 h5 $11
{[%cal Ga7a6,Gb8c8,Gc8d7,Gd7e6]}) 31... h5 32. Ke2 a6 33. Ke3 {[%cal Ge3f4]} g5
$1 34. Be7 Kc8 35. Bxg5 Kd7 36. Kf4 Bg4 37. b4 Ke6 38. Bd8 Kd5 39. Bxc7 (39.
Ke3 Bd1 $11) 39... Kxd4 40. Kg5 Kd5 $11) 31. Bf8 h5 32. Kf2 (32. Bxg7 a5 $1 {
[%csl Ra4]} 33. Kf2 Bb3 34. Kg3 Bxa4 35. Kh4 Bd1 36. g3 Bb3 $1 37. Kxh5 Be6 38.
Kg5 Kc8 39. Kf6 Kd7 40. Bf8 a4 41. Bb4 Bd5 42. Be1 Bb3 43. Bf2 Bd5 44. Bg1 Be6
45. h4 gxh3 46. Bh2 Bg4 47. Kg5 Be2 48. Kf5 Bc4 49. g4 Ke7 50. g5 Bd3+ 51. Kg4
Ke6 52. Kxh3 c5 53. dxc5 c6 54. Kg4 Bg6 55. Kf4 Kd5 56. Bg1 Bh7 57. Be3 Bg6 $11
) 32... g5 33. Be7 h4 34. Bxg5 h3 35. g3 Kc8 36. Ke3 Kd7 37. Kf4 Ke8 38. Bf6
Kd7 ({Loses} 38... Kf7 $2 39. Bd8 Kg6 40. Bxc7 Bc8 (40... Kh5 {[%cal Yh5g4]}
41. b4 Bb3 42. Kf5 $18) 41. b4 Be6 42. Bd6 Bd7 43. b5 cxb5 44. axb5 Bxb5 45. d5
$18) 39. Kg5 Ke8 40. Kh5 {[%csl Rc7][%cal Gf6g5,Gg5d2,Gd2b4,Gb4c5,Gc5a7,Ga7b8,
Gb4a5] Interesting plan, but insufficient for a win.} Kd7 41. Bg5 Ke8 42. Bd2
Kd7 43. Kg5 Ke7 44. Bb4+ Ke8 45. Ba5 Kd7 46. Kf6 Bb3 47. Kf5 Be6+ 48. Kg5 Kd8
49. Kf6 Kd7 50. Bb4 (50. Bxc7 Bb3 51. Bb6 Bxa4 52. e6+ Ke8 53. Ke5 Bb5 54. b3
Be2 55. Kd6 Bf3 56. b4 Bg2 57. Bc5 Bd5 $11) 50... Bb3 51. Kf5 Be6+ 52. Kg5 Ke8
53. Bc5 Kd7 54. Ba7 Kc8 55. a5 {Illogical move, however doesn't change the
evaluation.} Kd7 56. Bb8 Kc8 57. Kf6 Bb3 $4 {Fatal mistake! Black's only care
in this position - control of "e" pawn advance.} ({After} 57... Kd7 58. Bxc7
Bd5 {I don't see any win for white.}) 58. e6 $18 c5 59. dxc5 c6 ({Black can
take the bishop, but not to save the game:} 59... Kxb8 60. e7 Ba4 61. Kf7 Kb7
62. b4 $18 {[%cal Ge7e8]}) 60. Bd6 Kd8 61. Kf7 Bd5 62. b4 Bc4 63. Be5 Bd5 64.
Bf6+ Kc7 65. Ke7 Bf3 (65... Be4 66. Kf8 Bg6 67. Kg7 Be8 68. Kh6 $18 {[%cal
Gh6g5,Gg5g4]}) (65... Bc4 66. Be5+ Kc8 67. Kd6 $18) 66. Kf8 1-0

[Event "WchT 5th"]
[Site "Yerevan"]
[Date "2001.10.18"]
[Round "7.2"]
[White "Nedev, Trajce"]
[Black "Ponomariov, Ruslan"]
[Result "1/2-1/2"]
[WhiteElo "2514"]
[BlackElo "2684"]
[Annotator "Postny,E"]
[PlyCount "142"]
[EventDate "2001.10.12"]
[EventType "team-tourn"]
[EventRounds "9"]
[EventCountry "ARM"]
[SourceTitle "CBM 086"]
[Source "ChessBase"]
[SourceDate "2002.02.05"]
[SourceVersion "1"]
[SourceVersionDate "2002.02.05"]
[SourceQuality "1"]
[WhiteTeam "Macedonia"]
[BlackTeam "Ukraine"]
[WhiteTeamCountry "MKD"]
[BlackTeamCountry "UKR"]

1. e4 e5 2. Nf3 Nc6 3. d4 exd4 4. Nxd4 Nf6 5. Nxc6 bxc6 6. e5 Qe7 7. Qe2 Nd5 8.
c4 Nb6 9. Nd2 {Other theoretical lines are: 9.Nc3, 9.b3, 9.g3.} d5 {Besides
black has several options:9...a5, 9...Qe6, 9...Bb7.As well as 9...d6 which
leads to an identical position, as in the game, since white takes on d6 anyway.
} 10. exd6 cxd6 11. Ne4 {The more popular line is 11.b3. For example see the
game Hector,J-Wedberg,T /SWE-ch Linkoping 2001/CBM 85 [Postny]} Qe6 $146 (11...
Be6 12. Bf4 Nxc4 13. b3 Bd5 14. bxc4 Bxe4 15. Rd1 O-O-O 16. Bxd6 Qxd6 17. Rxd6
Bxd6 18. Qxe4 Rhe8 19. Qxe8 Bb4+ 20. Ke2 Rxe8+ 21. Kf3 Rd8 $15 {0-1 Weir,
P-Sarapu,O/Auckland 1979/EXT 98 (42)}) 12. b3 (12. Ng5 $142 Qxe2+ 13. Bxe2)
12... d5 13. cxd5 Nxd5 (13... cxd5 14. Ng5 Bb4+ 15. Bd2 Bxd2+ 16. Kxd2 Qxe2+
17. Bxe2 O-O 18. Nf3 $14 {[%csl Gd4][%cal Yf3d4]}) 14. Ng5 Qxe2+ ({After} 14...
Bb4+ 15. Bd2 {the position will be exactly as in the game itself, just with
different moves order.}) 15. Bxe2 Bb4+ 16. Bd2 Bxd2+ 17. Kxd2 O-O {White has
superior pawn structure, however black's position is not worse, since white's
pieces are not coordinated.} 18. Bf3 (18. Bc4 Rd8 19. Rhe1 Nb6+ 20. Kc3 Nxc4
$15) 18... Rd8 19. Kc2 a5 ({Possible was} 19... Bf5+ 20. Be4 Nb4+ 21. Kc3 Bxe4
22. Nxe4 a5) 20. Rhd1 Bf5+ 21. Be4 Bxe4+ 22. Nxe4 a4 23. a3 (23. Nc3 $2 Nb4+)
23... axb3+ 24. Kxb3 Rdb8+ 25. Kc2 Ra4 {Black's pieces are very active. White
has to exchange as more pieces as possible.} 26. Nd2 g6 27. g3 Rb5 28. Rdc1 ({
Possible as well is} 28. Rdb1 Rc5+ 29. Kb2) 28... Rd4 29. Nb3 Re4 30. Kb2 Nb6
31. Rc2 (31. Rxc6 $6 Na4+ 32. Kc2 Re2+ 33. Kd3 Rxf2) 31... c5 (31... Na4+ $6
32. Ka2 c5 33. Rac1) 32. Ka2 c4 33. Nc1 Nd5 ({Deserved attention} 33... Na4 {
threatening 34...Rb2 35.Rb2 Nc3#} 34. Rb1 $8 Rxb1 35. Kxb1 g5 {[%csl Rh2]
preventing the advance h2-h4. After} 36. Na2 {white is solving his problems.})
34. Rb1 {White's dream in this position is the pawns endgame, so every
exchange would be in his favour.} Ra5 35. Rb8+ Kg7 36. Kb2 c3+ 37. Kb3 Re1 (
37... Rea4 38. Ra2) 38. a4 Re4 39. Ra2 g5 {[%csl Rh2] fixing the Ph2.} 40. Nd3
Rd4 41. Nb4 Rd2 (41... Rd1 42. Kc2 Rd2+ 43. Kb3 {The same position arised in
the game with white's turn to move, however I don't see how black can exploit
this tempo.}) 42. Rxd2 cxd2 43. Kc2 Nc7 (43... Rxa4 44. Nxd5 d1=Q+ 45. Kxd1
Rd4+ $11) 44. Kxd2 Rxa4 45. h3 $2 {A bad move, which gives black some chances
in this completely drawish position.} (45. Nc2 $11) 45... Ra1 {[%csl Rh3]} 46.
Ke2 {This is also an inaccuracy.} (46. Rb7 $142 Ne6 47. Nd3 {[%csl Rf7][%cal
Gd3e5]} Kf6 48. Rb4 {[%cal Gh3h4]} Rh1 49. h4) 46... Rh1 47. Rb7 Ne6 48. Nd3
Kf6 49. Rb6 Rxh3 50. Nc5 {The knights exchange will increase a lot white's
chances for a draw.} h5 51. Kf3 Rh2 {52...Rh1 was a bit more precise, but it
does not change the evaluation of course-the endgame is drawish if white does
not make any serious mistakes...} 52. Nxe6 fxe6 53. Rb1 Kf5 54. Rb5+ e5 55. Ra5
Rh1 56. Ra8 e4+ 57. Kg2 Rd1 58. Ra5+ Kg4 59. Ra4 Kf5 (59... Re1 $6 60. f3+ Kf5
61. Ra5+ Kf6 62. Kf2 $11) 60. Ra5+ Kf6 61. Ra6+ Ke5 {Otherwise black's K can
not escape from the checks.} 62. Rh6 Rd2 {[%cal Ge4e3]} 63. Rh8 $1 {The most
precise move.} Kf5 64. Rf8+ Ke5 65. Rg8 Kd4 {[%cal Ge4e3]} 66. Kf1 g4 67. Rd8+
Kc3 68. Rc8+ Kd3 69. Rd8+ Kc2 70. Rc8+ Kd1 71. Rc4 {White is going to level
the number of pawns, so it's time to offer a draw...} Rd5 1/2-1/2

[Event "EU-Cup 20th"]
[Site "Izmir"]
[Date "2004.10.07"]
[Round "5.4"]
[White "Macieja, Bartlomiej"]
[Black "Kosten, Anthony C"]
[Result "1-0"]
[WhiteElo "2613"]
[BlackElo "2519"]
[Annotator "Postny,E"]
[PlyCount "73"]
[EventDate "2004.10.03"]
[EventType "team-swiss"]
[EventRounds "7"]
[EventCountry "TUR"]
[SourceTitle "CBM 104"]
[Source "ChessBase"]
[SourceDate "2005.01.27"]
[SourceVersion "1"]
[SourceVersionDate "2005.01.27"]
[SourceQuality "1"]
[WhiteTeam "Warsaw Polonia"]
[BlackTeam "Monaco"]
[WhiteTeamCountry "POL"]
[BlackTeamCountry "MNC"]

1. e4 e5 2. Nf3 Nc6 3. d4 exd4 4. Nxd4 Nf6 5. Nxc6 bxc6 6. e5 Qe7 7. Qe2 Nd5 8.
c4 Nb6 ({Other theoretical main line is} 8... Ba6) 9. Nd2 {Another way of
development is 9.Nc3. The move in the text, seemingly passive, but quite a
flexible one. The knight defends Pc4, while white is intending to develop his
dark-squared bishop to b2.} ({Another way of development is} 9. Nc3) 9... a5 {
Trying to create a counterplay on the queenside as soon as possible.} 10. b3 {
'?!' White clearly shows, that he does not afraid at all of black's
counterplay, but it's objectively wiser to go for a safer alternatives such as
10.g3 or 10.Qe4.} a4 11. Bb2 axb3 12. axb3 Rxa1+ 13. Bxa1 Qa3 {This is the
most principled and consequent continuation.} (13... Bb7 14. Bb2 Qg5 15. g3 Bb4
16. Bg2 O-O 17. f4 Qg6 18. Be4 Qh6 19. O-O d5 20. exd6 cxd6 21. Bd4 Nd7 22. Bg2
Nc5 $11 {0-1 Zhigalko,S-Aleksandrov,A/Rethymnon 2003/CBM 98 (67)}) 14. Qd1 Bb4
15. Bd3 Qa5 {Preventing white's castling.} 16. Ke2 d6 (16... d5 $6 17. Qc2 Qc5
18. Nf3 Bg4 19. Rd1 g6 20. h3 Bxf3+ 21. Kxf3 O-O 22. g3 d4 23. Be2 Bc3 24. Bxc3
dxc3 25. Qxc3 f6 26. exf6 Qh5+ 27. Kg2 Qxe2 28. Re1 Qh5 29. Re7 $18 {1-0 Magem
Badals,J-Hebden,M/Escaldes 1998/CBM 68 [Mikhalevski,V] (50)}) (16... O-O 17.
Qc2 d5 18. Bd4 dxc4 19. bxc4 Bxd2 20. Qxd2 Qxd2+ 21. Kxd2 $16 {1-0 Dochev,
D-Vajda,A/Ankara 1993/TD (50)}) 17. f4 {This move appeared only once, more
popular is 17.Nf3.} (17. Nf3 Bg4 18. Qc2 dxe5 (18... h6 19. Bd4 dxe5 20. Ra1
exd4 21. Rxa5 Bxa5 22. Be4 $16 {1-0 Nedev,T-Rodman,F/Bled 2002/CBM 89 ext (35)}
) 19. Be4 (19. Rd1 g6 20. Be4 O-O 21. Bxc6 f6 22. h3 Bf5 23. Be4 Bxe4 24. Qxe4
Qa2+ 25. Kf1 Bc5 26. Kg1 Qxf2+ 27. Kh1 Qe3 $17 {1/2-1/2 Dovzik,J-Ambrus,E/
Szeged 1998/EXT 99 (59)}) 19... Ke7 (19... Nd7 20. Rd1 Nf6 21. Bxc6+ Ke7 22. h3
Bxf3+ 23. Bxf3 $14 {1/2-1/2 Plukkel,S-Cooper,L/Vlissingen 2003/CBM 95 ext (32)}
) 20. Rd1 Rd8 21. Bb2 Rxd1 22. Kxd1 g6 23. Bxc6 f6 24. h3 Bf5 25. Be4 Bxe4 26.
Qxe4 Qa2 27. Qc2 Nd7 28. Bc3 Qa5 29. Bxb4+ Qxb4 30. Nd2 Nc5 $15 {0-1
Sadvakasov,D-Gretarsson,H/Bled 2002/EXT 2003 (52)}) 17... dxe5 18. fxe5 Bg4+ (
18... Bc3 19. Bxc3 Qxc3 20. Nf3 Bg4 21. Qa1 {and white consolidated his forces
in the game Nakamura,H-Ernst,S/Bermuda 2002/CBM 88 [Postny,E] (1/2-1/2,74)})
19. Nf3 Nd7 20. Kf2 Nc5 21. Bc2 Ne6 22. h3 Bxf3 23. Qxf3 Qa2 (23... Bc5+ $5 24.
Kg3 Nd4 25. Qe4 (25. b4 $2 Qxb4 26. Bxd4 Bxd4 27. Qxc6+ Kf8 $1 28. Qa8+ Ke7 29.
Qxh8 Bxe5+ 30. Kf3 Qc3+ $19) 25... Nxc2 26. Qxc2 O-O 27. Kh2 $11) 24. Qe4 (24.
Qxc6+ $2 Ke7 25. Qe4 Rd8 {[%cal Rd8d2] and the following penetration of the
rook is decisive.}) 24... Ke7 25. Kg3 ({Necessary was} 25. Rd1 Rd8 26. Rxd8
Kxd8 27. Bd4) 25... Rd8 26. Qh4+ Kf8 {'?!'} ({A forced win for black was:} 
26... g5 $1 27. Qxh7 Rd2 28. Rf1 (28. Rc1 Ba3 $19) 28... Qxc2 29. Rxf7+ (29.
Qxf7+ Kd8 $19) 29... Ke8 $19) 27. Qxh7 Rd2 28. Be4 Qxb3+ 29. Kh2 {The safety
of white's king is only temporary. Black's pieces are superbly coordinated.}
Qxc4 30. Rb1 Ng5 {'!'} 31. Qh8+ Ke7 32. Qh4 Qxe4 33. Qxg5+ Ke8 34. Rb3 g6 {
'??' A blunder which loses on the spot. In such a sharp positions a waste of
tempo is crucial.} (34... Rd1 $1 35. Bc3 Be7 36. Rb8+ Kd7 37. Qg3 Bc5 $19) 35.
Bc3 {'!' Suddenly, white's bishop joined the battle decisively.} Bxc3 36. Rb8+
Kd7 37. Rd8+ {A dramatic finish.} 1-0

[Event "Ciocaltea Memorial"]
[Site "Bucharest"]
[Date "2002.03.06"]
[Round "3"]
[White "Murariu, Andrei"]
[Black "Vajda, Levente"]
[Result "0-1"]
[WhiteElo "2418"]
[BlackElo "2513"]
[Annotator "Postny,E"]
[PlyCount "74"]
[EventDate "2002.03.04"]
[EventType "tourn"]
[EventRounds "11"]
[EventCountry "ROU"]
[EventCategory "9"]
[SourceTitle "CBM 088"]
[Source "ChessBase"]
[SourceDate "2002.03.21"]
[SourceVersion "1"]
[SourceVersionDate "2002.03.21"]
[SourceQuality "1"]

1. e4 e5 2. Nf3 Nc6 3. d4 exd4 4. Nxd4 Nf6 5. Nxc6 bxc6 6. e5 Qe7 7. Qe2 Nd5 8.
c4 Nb6 9. Nc3 a5 10. b3 {A rare line in this position.} ({The main alternative
is} 10. Qe4 {- see the game Ganguly,SS-Shetty,R Goodricke 12th op 2001/CBM 82 
[Postny]}) (10. f4 {- was in the game Lautier,J-Hebden,M /Clichy 2001/CBM 85 
[Postny]}) 10... a4 11. Bb2 $2 (11. Rb1 axb3 12. axb3 Qe6 13. Qe4 g6 14. Bd3
Bg7 15. f4 O-O 16. O-O $13 {1-0 Maiorov,O-Frolov,D/Orel 1997/EXT 99 (38)})
11... Qb4 $1 $146 {[%mdl 8] This novelty is actually refutes the white's 11.
Bb2.} (11... Qe6 12. f4 d5 13. exd6 Bxd6 $6 (13... cxd6) 14. g3 O-O 15. Qxe6
Bxe6 16. O-O-O $14 {1/2-1/2 Sorin,M-Van Hoolandt,P/Cannes 2000/EXT 2001 (78)})
12. Qc2 axb3 13. axb3 (13. Qxb3 Na4 14. O-O-O Nxb2 15. Qxb4 Bxb4 16. Kxb2 Bxc3+
17. Kxc3 Rxa2 $17) 13... Rxa1+ 14. Bxa1 Qa5 $17 {[%csl Ra1,Re5] This double
threat yields black a pawn.} 15. Bb2 Qxe5+ 16. Kd1 $5 {[%csl Ye1,Re8,Gh1][%cal
Gh1e1]} ({After} 16. Be2 Bc5 17. O-O O-O {white's compensation for the pawn is
not sufficient.}) 16... Qh5+ 17. Be2 Qg6 {Black is a pawn ahead, so he doesn't
mind to go to the endgame.} 18. Bd3 {White is sacrificing another pawn with
hope to exploit black's undevelopment.} Qxg2 19. Re1+ Kd8 20. Ne4 Bb4 21. Ng3
$1 {[%mdl 512] The only chance to keep the tension in the position.} (21. Bc3
Bxc3 22. Qxc3 Re8 {and white has no compensation for the deficit of two pawns.}
) 21... Bxe1 22. Bxg7 Qf3+ $2 {This check is completely unnecessary.} (22...
Rg8 $4 23. Bf6+ Ke8 24. Qe2+ $18) ({Simple and strong is} 22... Qxf2 23. Bxh8
d5 24. Qxf2 Bxf2 $17) 23. Be2 Qxf2 24. Bxh8 d5 ({After} 24... Bb4 25. Qxh7 Qe1+
26. Kc2 Qd2+ 27. Kb1 {black has no more, than a perpetual.}) 25. Qxh7 {This
move would not been possible, if black has played 22...Qf2.} Be6 $2 {A typical
human move. It is good on all accounts except for...it looses by force! There
was a concrete tactical threat in the position, which both sides (!) have
overlooked.} (25... Bb4 26. Qg8+ Ke7 27. Qg5+ Kd7 28. Bg4+ Ke8 29. Qg8+ Bf8 30.
Bxc8 Nxc8 31. Bg7 {and black should better give a perpetual.}) 26. Qg8+ $2 ({
Simply winning was:} 26. Qh4+ Kd7 27. Bd4 $18 {[%csl Re1,Rf2]}) 26... Ke7 27.
Be5 $2 {In such a sharp positions it is important to create a threat by every
move.} (27. Nh5 {[%cal Gh8f6]} Nd7 28. Qg5+ Kd6 (28... f6 29. Nxf6 Nxf6 30.
Qxf6+ Qxf6 31. Bxf6+ Kxf6 32. Kxe1 $11) 29. Ng7 {[%cal Gg7e8]} f6 30. Ne8+ Ke7
31. Nxf6 $11 {just like after 28...f6.}) 27... Bb4 $19 {[%cal Gf2e1]} 28. Kc2 (
{A bit more resistable would be} 28. Qg5+ Kd7 29. Qf4) 28... dxc4 29. bxc4 Nxc4
30. Qg5+ Kd7 {As you have noticed during the last couple of moves the black K
has stopped his "journey" and the white one is only starting it...} 31. Qf4
Ne3+ {Both KK in this game suffered a lot, but black eventually has the last
laugh...} 32. Kd3 (32. Kb2 {[%tqu "En","Please enter the strongest move for
black.","","","b4c3","",10]} Bc3+ $1 $19 33. Ka3 Nc2+ 34. Ka4 Qa7+ {with mate.}
) 32... Bc4+ 33. Ke4 f5+ $1 {[%mdl 128] This modest pawn completes the attack.}
34. Nxf5 {Quite an amusing mess in the centre of the board...} Qg2+ 35. Qf3 (
35. Kxe3 Qxe2+ 36. Kd4 c5#) 35... Bd5+ 36. Kxe3 Bxf3 37. Bxf3 Qd2+ ({White is
losing one more piece after} 37... Qd2+ 38. Ke4 Qd5+ 39. Kf4 Bd2+) 0-1